000 01464cam a2200229 4500
001 ##L132148
008 060116n2005 000 0 eng u
020 _a1860818897
035 _a(Sirsi) u132148
041 0 _aeng
050 0 4 _a695.5 $2 18
100 1 _aVekey, Bob de
245 0 0 _aBuilding masonry with lime-based bedding mortars
260 _aWatford
_bBRE
_c2005
300 _a8p.
_bill
_c30cm.
490 0 _aBRE Good Building Guide
_vGBG 66
520 _aLime mortars are currently enjoying a revival and are being promoted by conservation organisations for restoration work and by environmentalists and environmentally-friendly material. Some of the benefits of lime mortars are that they allow the walls to breathe, are relatively flexible (accommodating some movement), give some protection to surrounding brick and stone against salt and frost damage, self-heal when exposed to air, and allow brick and stone to be reclaimed after demolition. This report gives guidance on the properties of lime mortars, mortar mix design and working with lime mortars. However, due to the variation of practices within the British Isles, it advices to make sure that proposed works comply with local specifications, especially for heritage buildings.
590 _aIKA170106
690 _aBUILT ENVIRONMENT-BUILDING MATERIALS-CEMENTITIOUS, CONCRETE AND MINERAL BOUND MATERIALS
710 1 _aUnited Kingdom
_bDepartment of Trade and Industry
942 _n0
999 _c105038
_d105038